00337nam a2200133Ia 4500008004100000041000800041082001700049100001600066245003300082250001400115260003200129300003100161365001100192240624s9999 xx 000 0 und d aeng a658.4012 FIN aFINCH BRIAN aHOW TO WRITE A BUSINESS PLAN a(2nd ed.) c2006aNew DelhibKogan Page avii, : 151 : p. : cm. ; 21 cRSb31